000 00945nam a2200289Ia 4500
003 OSt
005 20220912151228.0
006 a|||||r|||| 00| 0
007 ta
008 220909b |||||||| |||| 00| 0 eng d
024 _a47301
037 _cTextual
040 _aCSL
_beng
_cCSL
041 _aeng
082 _aH23p73,N69, L2
100 _aRigby J K Ed.
111 _aSymposium on recognition of ancient sedimentary environment (1969 : Texas)
245 0 _aProceeding on recognition of ancient sedimentary environment
260 _aTulsa
_bSoc. of Economic Paleontologists and Mineralogists
_c1972
300 _avii, 340p.
_ccm.
490 _aSociety of Economic Paleontologists and mineralogists, special publications; 16
650 _a Metamorphism
650 _aGeology
700 _a Hamblin W K Ed.
942 _hH23p73,N69, L2
_cTEXL
_2CC
999 _c64082
_d64082